[Event "GER-ch U25-C"]
[Site "Willingen"]
[Date "2023.05.31"]
[Round "5"]
[White "Briese, Paul"]
[Black "Classen, Marnin"]
[Result "1/2-1/2"]
[WhiteElo "1321"]
[BlackElo "1352"]
[PlyCount "167"]
[EventDate "2023.05.27"]
[EventType "swiss"]
[EventRounds "9"]
[EventCountry "GER"]
[SourceTitle "CBM 214 Extra"]
[Source "ChessBase"]
[SourceDate "2023.07.31"]
[SourceVersion "1"]
[SourceVersionDate "2023.07.31"]
[SourceQuality "1"]

1. Nf3 d5 2. g3 Nc6 3. Bg2 Bf5 4. d3 e6 5. Nbd2 Nf6 6. 0-0 Be7 7. c3 0-0 8. Qe1 e5 9. e4 dxe4 10. dxe4 Be6 11. h3 h6 12. Nh2 Nd7 13. b4 a6 14. f4 f6 15. f5 Bf7 16. g4 Nb6 17. Qg3 Bd6 18. h4 Be7 19. Ndf3 Qd3 20. g5 hxg5 21. hxg5 fxg5 22. Bxg5 Bxg5 23. Qxg5 Qd8 24. Ng4 Qxg5 25. Nxg5 Nd7 26. Nxf7 Rxf7 27. Rfd1 Nf6 28. Nxf6+ gxf6 29. Bf1 Rg7+ 30. Kf2 b5 31. a4 Rb8 32. axb5 axb5 33. Rd5 Nd8 34. Rxb5 Rxb5 35. Bxb5 Nf7 36. Bc4 Kf8 37. Be6 Ng5 38. Bd5 Nh3+ 39. Kf3 Nf4 40. c4 Nxd5 41. cxd5 Ke7 42. Ra7 Kd6 43. Ra6+ Ke7 44. Re6+ Kf7 45. Rc6 Rg1 46. Rxc7+ Ke8 47. b5 Rb1 48. Rc6 Ke7 49. Re6+ Kf7 50. Rb6 Ke7 51. Rb8 Rb4 52. b6 Kd7 53. Ke3 Kd6 54. b7 Kc7 55. Rf8 Kxb7 56. Rxf6 Rb3+ 57. Kd2 Rb4 58. Kd3 Rb3+ 59. Kc4 Re3 60. Kc5 Rxe4 61. d6 Re1 62. Kd5 e4 63. Rf7+ Kc8 64. Ke6 Rd1 65. Rf8+ Kb7 66. d7 e3 67. d8Q Rxd8 68. Rxd8 e2 69. f6 e1Q+ 70. Kf7 Qf2 71. Rd6 Kc7 72. Re6 Qa2 73. Ke7 Qa3+ 74. Ke8 Qa4+ 75. Kf8 Qb4+ 76. Re7+ Kd8 77. Kf7 Qc4+ 78. Kf8 Qc5 79. Kf7 Qh5+ 80. Kg7 Qh4 81. Re8+ Kd7 82. f7 Qg5+ 83. Kh7 Qf5+ 84. Kg7 1/2-1/2

[Event "GER-chT U12"]
[Site "Magdeburg"]
[Date "2021.08.05"]
[Round "2.7"]
[White "Briese, Paul"]
[Black "Dammasch, Marlon"]
[Result "1/2-1/2"]
[WhiteElo "1113"]
[BlackElo "860"]
[PlyCount "94"]
[EventDate "2021.08.04"]
[EventType "team-swiss"]
[EventRounds "7"]
[EventCountry "GER"]
[SourceTitle "EXT 2022"]
[Source "ChessBase"]
[SourceDate "2021.10.06"]
[SourceVersion "1"]
[SourceVersionDate "2021.10.06"]
[SourceQuality "1"]
[WhiteTeam "Torgelow Droegeheide"]
[BlackTeam "Vimbuch"]
[WhiteTeamCountry "GER"]
[BlackTeamCountry "GER"]

1. c4 c5 2. Nc3 e5 3. g3 Nc6 4. Bg2 Nf6 5. Nf3 d5 6. cxd5 Nxd5 7. 0-0 Nxc3 8. dxc3 Bd6 9. Qd3 Bg4 10. Rd1 Be7 11. Qxd8+ Rxd8 12. Rxd8+ Bxd8 13. Be3 Be7 14. Rd1 0-0 15. Rd5 b6 16. Nxe5 Nxe5 17. Rxe5 Bf6 18. Re4 Bxe2 19. Bxc5 bxc5 20. Rxe2 Rd8 21. f4 h6 22. Be4 g5 23. fxg5 Bxg5 24. h4 Bf6 25. Rf2 Kg7 26. Kg2 Re8 27. Bf5 Re3 28. Bg4 Be5 29. Bf3 f5 30. Re2 Rxe2+ 31. Bxe2 Kg6 32. Bd3 Kf6 33. Kf3 h5 34. Bb5 Kf7 35. b4 cxb4 36. cxb4 Bc3 37. Kf4 Bxb4 38. Kxf5 Be1 39. g4 hxg4 40. Kxg4 Kg7 41. h5 Bd2 42. Kf5 Kh6 43. Be2 a5 44. Ke4 Be1 45. Kd3 Bb4 46. Kc4 Be1 47. a4 Bb4 1/2-1/2